Waiter (Record no. 420260)

MARC details
000 -LEADER
fixed length control field 00336nam a2200157Ia 4500
008 - FIXED-LENGTH DATA ELEMENTS--GENERAL INFORMATION
fixed length control field 230605s1965 xx 000 0 und d
041 ## - LANGUAGE CODE
Language code of text/sound track or separate title eng
100 ## - MAIN ENTRY--PERSONAL NAME
Personal name Fuller
245 ## - TITLE STATEMENT
Title Waiter
250 ## - EDITION STATEMENT
Edition statement 3rd
260 ## - PUBLICATION, DISTRIBUTION, ETC.
Name of publisher, distributor, etc. Hutchinsons
Date of publication, distribution, etc. 1965
300 ## - PHYSICAL DESCRIPTION
Extent 207p
520 ## - SUMMARY, ETC.
Summary, etc. Hard Board
520 ## - SUMMARY, ETC.
Summary, etc. Reference Copy
650 ## - SUBJECT ADDED ENTRY--TOPICAL TERM
Topical term or geographic name entry element F & B Ser.

No items available.